[Event "40th World Junior Girls"]
[Site "Gandhinagar IND"]
[Date "2024.06.04"]
[Round "3.19"]
[White "Kanyamarala, Trisha"]
[Black "Shanmathi Sree S"]
[Result "1/2-1/2"]
[WhiteTitle "WIM"]
[WhiteElo "2219"]
[BlackElo "1854"]
[WhiteFideId "45004722"]
[BlackFideId "25966413"]
[EventDate "2024.06.02"]

1. d4 Nf6 2. c4 g6 3. Nc3 Bg7 4. e4 d6 5. Be2 O-O 6. Nf3 e5 7. O-O Nc6 8. d5 Ne7
9. Kh1 Ne8 10. Ng1 f5 11. exf5 gxf5 12. f4 e4 13. Be3 c5 14. Nh3 h6 15. Rg1 Ng6
16. Nf2 Kh8 17. Qd2 Nf6 18. g4 Nh7 19. gxf5 Nh4 20. Nfxe4 Nxf5 21. Bf2 Nf6 22.
Rg2 Nxe4 23. Nxe4 Nh4 24. Rgg1 Bf5 25. Ng3 Qe7 26. h3 Be4+ 1/2-1/2

[Event "40th World Junior Girls"]
[Site "Gandhinagar IND"]
[Date "2024.06.04"]
[Round "3.20"]
[White "Bristy, Mukherjee"]
[Black "Mrittika Mallick"]
[Result "0-1"]
[WhiteTitle "WFM"]
[WhiteElo "1902"]
[BlackElo "2076"]
[WhiteFideId "25077325"]
[BlackFideId "25902997"]
[EventDate "2024.06.02"]

1. d4 f5 2. Nc3 Nf6 3. Bg5 d5 4. e3 e6 5. Nf3 Nbd7 6. h3 Be7 7. Bf4 a6 8. g4 O-O
9. gxf5 exf5 10. Rg1 Kh8 11. Bd3 Nb6 12. Ne5 c5 13. Qf3 Qe8 14. Qg3 Nh5 15. Qg2
Bf6 16. Nxd5 Nxd5 17. Qxd5 cxd4 18. Bc4 dxe3 19. fxe3 Nxf4 20. exf4 Bh4+ 21. Kf1
g6 22. Rg2 Kg7 23. Re2 Qd8 24. Qc5 Rf6 25. Nf3 Rc6 26. Qb4 Bf6 27. Rae1 a5 28.
Re7+ Kh6 29. Ng5 Bxg5 30. fxg5+ Kxg5 31. Qc3 Qd6 32. Rxh7 Qf4+ 33. Ke2 Qxc4+ 34.
Qxc4 Rxc4 35. Kd3 Rc6 36. Rg1+ Kf6 37. Rh6 Kg7 0-1

[Event "40th World Junior Girls"]
[Site "Gandhinagar IND"]
[Date "2024.06.04"]
[Round "3.21"]
[White "Kanishka S"]
[Black "Donghvani, Nia"]
[Result "1/2-1/2"]
[WhiteElo "1882"]
[BlackElo "2070"]
[WhiteFideId "25731564"]
[BlackFideId "13614649"]
[EventDate "2024.06.02"]

1. c4 c5 2. Nf3 Nc6 3. d4 cxd4 4. Nxd4 Nf6 5. Nc3 e6 6. a3 d5 7. cxd5 exd5 8.
Bg5 Bc5 9. e3 Nxd4 10. exd4 Be7 11. Be2 O-O 12. O-O h6 13. Bf4 Qb6 14. Na4 Qe6
15. Re1 Qf5 16. Bg3 Qd7 17. Bd3 Bd6 18. Rc1 Bxg3 19. hxg3 b6 20. Re5 Qd6 21. Nc3
a6 22. Qe2 Ra7 23. Re1 b5 24. Re7 Qb6 25. Rxa7 Qxa7 26. Qe5 Qd7 27. Qf4 Qd8 28.
Re5 Be6 29. f3 Qd6 30. Re2 Qb6 31. g4 Nd7 32. Kf1 b4 33. axb4 Qxb4 34. Qd2 a5
35. Bf5 Nb6 36. Bxe6 fxe6 37. Rxe6 Nc4 38. Qe2 Nxb2 39. Nxd5 Qxd4 40. Ne7+ Kh7
41. Nc6 Qd3 42. Qxd3+ Nxd3 43. Rd6 Rc8 44. Nxa5 Rc1+ 45. Ke2 Nf4+ 46. Kd2 Rg1
47. Ke3 Nxg2+ 48. Kf2 Ra1 49. Kxg2 1/2-1/2

[Event "40th World Junior Girls"]
[Site "Gandhinagar IND"]
[Date "2024.06.04"]
[Round "3.22"]
[White "Jesumarian, Rebecca"]
[Black "Swara Lakshmi S Nair"]
[Result "1/2-1/2"]
[BlackTitle "WCM"]
[WhiteElo "1866"]
[BlackElo "2051"]
[WhiteFideId "35094831"]
[BlackFideId "25629239"]
[EventDate "2024.06.02"]

1. e4 c5 2. Nf3 d6 3. d4 cxd4 4. Nxd4 Nf6 5. Nc3 a6 6. f3 e5 7. Nb3 Be6 8. Be3
Be7 9. Qd2 Nbd7 10. g4 b5 11. g5 Nh5 12. O-O-O Nb6 13. Nd5 Nxd5 14. exd5 Bf5 15.
Na5 O-O 16. Nc6 Qc7 17. Bd3 Bxd3 18. Qxd3 g6 19. Nxe5 dxe5 20. d6 Bxd6 21. Qxd6
Qc4 22. Kb1 Rac8 23. Rd2 Rfe8 24. Rhd1 a5 25. Qb6 a4 26. a3 Ng7 27. c3 Rc6 28.
Qb7 Nf5 29. Bb6 Rcc8 30. Rd7 Qb3 31. R7d3 Rb8 32. Qc7 Qe6 33. Ba5 e4 34. fxe4
Qxe4 35. Ka2 Ne3 36. Rd8 Qe6+ 37. Kb1 Rbxd8 38. Rxd8 Qe4+ 39. Ka2 Qe6+ 40. Kb1
Qf5+ 41. Ka2 Qe6+ 42. Kb1 Nc4 43. Rxe8+ Qxe8 44. Qd8 Qxd8 45. Bxd8 Kf8 46. Kc2
Ke8 47. Bf6 Kd7 48. Bd4 Ke6 49. b3 Na5 50. bxa4 bxa4 51. Kd3 Kd5 52. Bg7 Nc4 53.
Bf8 Ne5+ 54. Ke3 Ng4+ 55. Kd3 Ne5+ 56. Ke3 Kc4 57. Ke4 Ng4 58. Bd6 Kxc3 59. Kf3
f5 60. h3 h6 61. hxg4 fxg4+ 62. Kxg4 hxg5 63. Kxg5 Kc4 64. Kf6 Kd5 65. Ke7 g5
66. Kd7 g4 67. Kc7 Kc4 68. Kc6 Kb3 69. Kb5 g3 70. Bxg3 Kxa3 1/2-1/2

[Event "40th World Junior Girls"]
[Site "Gandhinagar IND"]
[Date "2024.06.04"]
[Round "3.23"]
[White "Anishka, Vikram"]
[Black "Bhat Sannidhi Ramakrishna"]
[Result "0-1"]
[WhiteTitle "WCM"]
[WhiteElo "2048"]
[BlackElo "1842"]
[WhiteFideId "45013314"]
[BlackFideId "25792695"]
[EventDate "2024.06.02"]

1. d4 Nc6 2. d5 Nb8 3. e4 d6 4. c4 g6 5. Nc3 Bg7 6. h3 Nf6 7. Nf3 O-O 8. Be2
Nbd7 9. O-O Nc5 10. Qc2 a5 11. Be3 Nfd7 12. Rad1 e5 13. dxe6 Nxe6 14. Nd4 Nec5
15. f4 Re8 16. Bf2 c6 17. Bf3 Qe7 18. b3 Nf8 19. a3 Nfe6 20. Nde2 Bh6 21. Bg3
Rd8 22. b4 axb4 23. axb4 Na6 24. Qb1 Nf8 25. b5 Nc5 26. Qb4 Nfe6 27. Kh1 Bf8 28.
Rd2 Qe8 29. Qb1 Ra3 30. Qb2 Rb3 31. Qc2 Rb4 32. Na2 Ra4 33. bxc6 bxc6 34. f5 Ng7
35. Bf2 Ba6 36. Rd4 Rb8 37. Nf4 Qc8 38. fxg6 hxg6 39. Be2 Ra3 40. Nc3 Rab3 41.
Rd2 Rxc3 42. Qxc3 Nxe4 43. Qc2 Nxd2 44. Qxd2 Ne8 45. Bd4 Bg7 46. Bxg7 Nxg7 47.
Qxd6 Nf5 48. Qd3 Qd8 49. Qa3 Ra8 50. Qc3 Qd4 51. Qxd4 Nxd4 52. Bd3 Nb3 53. Rb1
Nc5 54. Bf1 Rd8 55. Rb6 Rd1 56. Kg1 Bxc4 57. Rxc6 Rxf1+ 58. Kh2 Rxf4 0-1

[Event "40th World Junior Girls"]
[Site "Gandhinagar IND"]
[Date "2024.06.04"]
[Round "3.24"]
[White "Gade Sharanya"]
[Black "Mrudul, Dehankar"]
[Result "0-1"]
[BlackTitle "WIM"]
[WhiteElo "1849"]
[BlackElo "2028"]
[WhiteFideId "25925253"]
[BlackFideId "25096990"]
[EventDate "2024.06.02"]

1. d4 Nf6 2. c4 e6 3. Nc3 Bb4 4. Qc2 d5 5. cxd5 exd5 6. Bg5 h6 7. Bh4 g5 8. Bg3
Nc6 9. e3 h5 10. Bb5 h4 11. Be5 O-O 12. Bxc6 bxc6 13. h3 Ne4 14. Ne2 f6 15. Bh2
Bf5 16. Qa4 Bxc3+ 17. Nxc3 Nxc3 18. bxc3 Qd7 19. Qa5 Rf7 20. Rc1 Bd3 21. Rd1 Qf5
22. f3 Rb8 23. Rg1 Re7 24. e4 Rxe4+ 0-1

[Event "40th World Junior Girls"]
[Site "Gandhinagar IND"]
[Date "2024.06.04"]
[Round "3.25"]
[White "Sindhusree K"]
[Black "Striskova, Lucia"]
[Result "0-1"]
[WhiteElo "1846"]
[BlackElo "2023"]
[WhiteFideId "46616411"]
[BlackFideId "14960958"]
[EventDate "2024.06.02"]

1. d4 d5 2. c4 c6 3. Nf3 Nf6 4. Nc3 a6 5. e3 Bg4 6. Qb3 b5 7. cxd5 Bxf3 8. gxf3
cxd5 9. a4 b4 10. Qxb4 Nc6 11. Qb3 e6 12. Be2 Bd6 13. Qd1 Bc7 14. Na2 e5 15. b4
O-O 16. Qc2 Qd6 17. b5 axb5 18. Bxb5 Ba5+ 19. Bd2 Bxd2+ 20. Qxd2 exd4 21. Bxc6
dxe3 22. fxe3 Qxc6 23. Nb4 Qc4 24. Kf2 Qh4+ 25. Kg2 Qg5+ 26. Kf2 d4 27. Rhb1
Rad8 28. Rb2 dxe3+ 29. Qxe3 Ng4+ 30. fxg4 Qf6+ 31. Kg3 Qxb2 32. Qa3 Qe5+ 33. Kh3
Rd2 34. Rh1 Rc8 35. Kh4 Rxh2+ 36. Rxh2 Qxh2+ 0-1

[Event "40th World Junior Girls"]
[Site "Gandhinagar IND"]
[Date "2024.06.04"]
[Round "3.26"]
[White "Chinnam, Vyshnavi"]
[Black "Kheerthi, Ganta"]
[Result "1-0"]
[WhiteTitle "WCM"]
[BlackTitle "WFM"]
[WhiteElo "1830"]
[BlackElo "1987"]
[WhiteFideId "35061690"]
[BlackFideId "25626280"]
[EventDate "2024.06.02"]

1. e4 c6 2. d4 d5 3. f3 dxe4 4. fxe4 e5 5. Nf3 Bg4 6. Bc4 Nd7 7. c3 b5 8. Be2
Bd6 9. a4 a6 10. dxe5 Bxf3 11. gxf3 Nxe5 12. axb5 Qh4+ 13. Kd2 Rd8 14. Kc2 axb5
15. Qg1 Ne7 16. Bg5 Qh3 17. Nd2 N5g6 18. Qg4 Qxg4 19. fxg4 f6 20. Be3 O-O 21.
Raf1 Ra8 22. h4 Ne5 23. h5 h6 24. Rd1 Rfd8 25. Nb3 Kf7 26. Nd4 Bc5 27. Rhf1 Rd7
28. Nxc6 N7xc6 29. Bxc5 Rb7 30. Rd6 b4 31. c4 Ra5 32. Be3 b3+ 33. Kc3 Ke7 34.
Rd5 Ra8 35. Bc5+ Kf7 36. Rfd1 Rc8 37. Bd6 Ke6 38. Ba3 Kf7 39. c5 Ra8 40. Rd6 Ra4
41. Bd3 Nxd3 42. R1xd3 Ne5 43. Rb6 Rba7 44. Rd4 Rxd4 45. Kxd4 Rd7+ 46. Kc3 Rd3+
47. Kb4 Ke7 48. Rb7+ Kd8 49. Rxg7 Re3 50. Kb5 Rxe4 51. c6 Nc4 52. Bc5 Kc8 53.
Rh7 Rxg4 54. Rxh6 f5 55. Rf6 Rh4 56. h6 Nxb2 57. Bd6 1-0

[Event "40th World Junior Girls"]
[Site "Gandhinagar IND"]
[Date "2024.06.04"]
[Round "3.27"]
[White "Rejepova, Jahan"]
[Black "Nagyova, Daniela"]
[Result "1/2-1/2"]
[WhiteElo "1816"]
[BlackElo "1958"]
[WhiteFideId "14006480"]
[BlackFideId "390070"]
[EventDate "2024.06.02"]

1. d4 Nf6 2. c4 e6 3. Nf3 d5 4. Bg5 Be7 5. Nc3 h6 6. Bh4 O-O 7. e3 b6 8. cxd5
Nxd5 9. Bg3 Bb7 10. Bd3 c5 11. O-O Nc6 12. dxc5 Nxc3 13. bxc3 Bxc5 14. Qe2 Qf6
15. Rac1 e5 16. Be4 Rfe8 17. Rfd1 Na5 18. Qc2 Bc6 19. c4 Rac8 20. Bxc6 Nxc6 21.
Qe4 Qe6 22. Nh4 Nb4 23. Rd2 Bf8 24. Nf3 f6 25. a4 Rc6 26. h3 Rec8 27. Qg6 Rxc4
28. Rxc4 Rxc4 29. Nxe5 Rc1+ 30. Kh2 Nd5 31. Ng4 Kh8 32. e4 Ne7 33. Qe8 Rc8 34.
Rd8 Rxd8 35. Qxd8 Ng6 36. Qa8 h5 37. Ne3 Kh7 38. Nf5 h4 39. Nxh4 Nxh4 40. Bxh4
Bd6+ 41. Bg3 Bxg3+ 42. Kxg3 Qb3+ 43. Kg4 Qxa4 44. Qd5 Qa5 45. Kf5 Qc3 46. Ke6
Qc8+ 47. Kf7 Qc7+ 48. Kf8 Qb8+ 49. Kf7 Qc7+ 1/2-1/2

[Event "40th World Junior Girls"]
[Site "Gandhinagar IND"]
[Date "2024.06.04"]
[Round "3.28"]
[White "Sherali Pattnaik"]
[Black "Jain Ashita"]
[Result "1/2-1/2"]
[WhiteElo "1955"]
[BlackElo "1744"]
[WhiteFideId "25789449"]
[BlackFideId "25181971"]
[EventDate "2024.06.02"]

1. e4 c6 2. d4 d5 3. e5 Bf5 4. h4 h5 5. Bd3 Bxd3 6. Qxd3 Qa5+ 7. Nd2 Qa6 8. c4
e6 9. Ngf3 Ne7 10. O-O Nf5 11. Qc3 dxc4 12. Nxc4 Nd7 13. Bg5 Nb6 14. Nxb6 Qxb6
15. a3 Be7 16. Bxe7 Nxe7 17. Rad1 Nf5 18. b4 Qd8 19. g3 O-O 20. Ng5 Qe7 21. Qf3
g6 22. Ne4 Rad8 23. Nf6+ Kg7 24. Qf4 Rh8 25. Rd3 Qc7 26. Rfd1 a5 27. Qg5 Ra8 28.
Rb1 Rad8 29. Ne4 a4 30. Qf6+ Kg8 31. Nc5 b5 32. Rc1 Qe7 33. Ne4 Qxf6 34. Nxf6+
Kg7 35. Rxc6 Nxd4 36. Rd6 Rxd6 37. exd6 Ne2+ 38. Kf1 Nxg3+ 39. fxg3 Kxf6 40.
Rf3+ Kg7 41. Rc3 Rd8 42. Rc6 Kf6 43. Rb6 e5 44. Ke2 Ke6 45. Rxb5 Rxd6 46. Ra5
Rc6 47. Rxa4 Rc3 48. Kf2 Rc2+ 49. Kf1 Rc3 1/2-1/2

[Event "40th World Junior Girls"]
[Site "Gandhinagar IND"]
[Date "2024.06.04"]
[Round "3.29"]
[White "Shubhi Gupta"]
[Black "Drishtee Ghosh"]
[Result "1-0"]
[WhiteTitle "WFM"]
[WhiteElo "1943"]
[BlackElo "1700"]
[WhiteFideId "25195425"]
[BlackFideId "25164074"]
[EventDate "2024.06.02"]

1. d4 Nf6 2. c4 e6 3. Nf3 d5 4. Nc3 Be7 5. Bf4 O-O 6. a3 a6 7. c5 Nc6 8. e3 Nh5
9. Bd3 g5 10. Nxg5 Nxf4 11. exf4 Bxg5 12. fxg5 Qxg5 13. h4 Qg7 14. Rh3 Kh8 15.
Qh5 f5 16. Rg3 Qxd4 17. Qg5 Bd7 18. Ne2 Qf6 19. Nf4 Qe5+ 20. Re3 Qf6 21. Rg3 Ne5
22. O-O-O Ng4 23. f3 Ne3 24. Rh1 Be8 25. Nxe6 Qxg5 26. hxg5 Bg6 27. f4 Ng4 28.
Rxg4 fxg4 29. Bxg6 Rfe8 30. Rxh7+ Kg8 31. Rg7+ Kh8 32. Bxe8 Rxe8 33. Rg6 Kh7 34.
Rh6+ Kg8 35. f5 g3 36. g6 c6 37. g7 Kf7 38. Rh8 Rg8 39. f6 d4 40. Ng5+ Kxf6 41.
Rxg8 Kxg5 42. Rf8 Kh6 43. g8=Q d3 44. Rf7 d2+ 45. Kxd2 b5 46. Rh7# 1-0

[Event "40th World Junior Girls"]
[Site "Gandhinagar IND"]
[Date "2024.06.04"]
[Round "3.30"]
[White "Modipalli Deekshitha"]
[Black "Khairmode Dhanashree"]
[Result "0-1"]
[WhiteElo "1678"]
[BlackElo "1929"]
[WhiteFideId "33389454"]
[BlackFideId "25762184"]
[EventDate "2024.06.02"]

1. d4 Nf6 2. c4 e6 3. Nc3 Bb4 4. Qc2 b6 5. e4 c5 6. d5 Qe7 7. Be2 exd5 8. exd5
O-O 9. Be3 d6 10. h3 Ne4 11. Bd3 Ng3 12. fxg3 Qxe3+ 13. Ne2 Re8 14. g4 Nd7 15.
Qd2 Qg3+ 16. Kd1 Qxg2 17. Rg1 Qxh3 18. Kc2 Qe3 19. Qd1 Bxc3 20. Nxc3 Ne5 21. Be2
Ng6 22. Rc1 Nf4 23. Bf3 Ba6 24. b3 Nh3 25. Rf1 Nf2 26. Qd2 Qxf3 27. Rxf2 Qxg4
28. Rcf1 Re7 29. Rg2 Qh5 30. Rg5 Qh3 31. Rfg1 g6 32. R1g3 Qf1 33. Rg1 Qf3 34.
R5g3 Qf5+ 35. Kb2 0-1

[Event "40th World Junior Girls"]
[Site "Gandhinagar IND"]
[Date "2024.06.04"]
[Round "3.31"]
[White "Ishvi, Aggarwal"]
[Black "Asmita Avijit Ray"]
[Result "1-0"]
[WhiteTitle "WCM"]
[WhiteElo "1928"]
[BlackElo "1692"]
[WhiteFideId "25728890"]
[BlackFideId "25786911"]
[EventDate "2024.06.02"]

1. d4 d5 2. Bf4 Nf6 3. e3 c5 4. Nf3 Nc6 5. Nbd2 cxd4 6. exd4 Bg4 7. c3 e6 8. Qa4
Nd7 9. Bb5 Qb6 10. O-O Be7 11. c4 a6 12. Bxc6 Qxc6 13. Qxc6 bxc6 14. cxd5 exd5
15. Rfe1 Be6 16. Rac1 Rc8 17. Ng5 Bxg5 18. Bxg5 h6 19. Be3 O-O 20. Nb3 g5 21.
Na5 Nb8 22. h4 gxh4 23. Bxh6 Rfe8 24. Bf4 Bd7 25. b4 f6 26. a3 Kf7 27. Nb7 Rxe1+
28. Rxe1 Rg8 29. Bd6 Bf5 30. Re7+ Kg6 31. Nc5 Rd8 32. Bc7 Rg8 33. Bf4 Kh5 1-0

[Event "40th World Junior Girls"]
[Site "Gandhinagar IND"]
[Date "2024.06.04"]
[Round "3.32"]
[White "Arshiya Das"]
[Black "ANDHIN, tehjha Nidhi"]
[Result "1-0"]
[WhiteTitle "WCM"]
[WhiteElo "1919"]
[BlackElo "1361"]
[WhiteFideId "25652150"]
[BlackFideId "9700510"]
[EventDate "2024.06.02"]

1. g3 c6 2. Bg2 d5 3. d3 Bg4 4. Nd2 Nf6 5. h3 Bf5 6. e4 dxe4 7. dxe4 Be6 8. Ngf3
Nbd7 9. O-O Nb6 10. Qe2 Bd7 11. a4 a5 12. b3 e6 13. Bb2 Be7 14. Rfd1 O-O 15. Nc4
Nxc4 16. bxc4 Qb6 17. Bxf6 Bxf6 18. e5 Bxe5 19. Nxe5 Be8 20. Rab1 Qa7 21. Nd7
Bxd7 22. Rxd7 g6 23. Rbxb7 Qa6 24. Qf3 f5 25. Rg7+ 1-0

[Event "40th World Junior Girls"]
[Site "Gandhinagar IND"]
[Date "2024.06.04"]
[Round "3.33"]
[White "Banker Reya"]
[Black "Singgih, Diajeng Theresa"]
[Result "0-1"]
[BlackTitle "WIM"]
[WhiteElo "1421"]
[BlackElo "1918"]
[WhiteFideId "25146491"]
[BlackFideId "7104391"]
[EventDate "2024.06.02"]

1. d4 Nf6 2. c4 g6 3. Nc3 Bg7 4. e4 d6 5. Nf3 Nbd7 6. Be2 O-O 7. O-O e5 8. d5
Nh5 9. Ne1 Nf4 10. b4 f5 11. Nd3 Nxe2+ 12. Qxe2 f4 13. f3 g5 14. c5 Nf6 15. Kf2
g4 16. Ke1 b6 17. c6 Nh5 18. Kd1 Qh4 19. Nf2 g3 20. Nh1 Qxh2 21. Bb2 a5 22. a3
Nf6 23. Kd2 h5 24. Rac1 Kf7 25. Rcd1 Rh8 26. Rc1 h4 27. Rb1 Bh6 28. Kd3 Bg5 29.
Kc4 h3 30. Rg1 hxg2 31. Rxg2 Qh6 0-1

[Event "40th World Junior Girls"]
[Site "Gandhinagar IND"]
[Date "2024.06.04"]
[Round "3.34"]
[White "Sasvatha A"]
[Black "Zhurova, Anna"]
[Result "0-1"]
[WhiteTitle "WCM"]
[BlackTitle "WFM"]
[WhiteElo "1825"]
[BlackElo "2239"]
[WhiteFideId "45010862"]
[BlackFideId "54113075"]
[EventDate "2024.06.02"]

1. e4 c5 2. Nf3 d6 3. d4 cxd4 4. Nxd4 Nf6 5. Nc3 g6 6. Be2 Bg7 7. Be3 O-O 8. O-O
a6 9. f3 b5 10. Qd2 Bb7 11. Rad1 Nbd7 12. a3 Rc8 13. Rc1 Qc7 14. a4 bxa4 15.
Nxa4 d5 16. exd5 Nxd5 17. Bf2 Nf4 18. c3 Rfd8 19. Qc2 Be5 20. h3 Nf6 21. Rfd1 0-1

[Event "40th World Junior Girls"]
[Site "Gandhinagar IND"]
[Date "2024.06.04"]
[Round "3.35"]
[White "Peglau, Charis"]
[Black "Natura, Bethi"]
[Result "0-1"]
[WhiteTitle "WFM"]
[WhiteElo "2088"]
[BlackElo "1697"]
[WhiteFideId "16219996"]
[BlackFideId "25048864"]
[EventDate "2024.06.02"]

1. Nf3 Nf6 2. g3 d5 3. Bg2 e6 4. O-O c5 5. d4 Nc6 6. c4 dxc4 7. dxc5 Qxd1 8.
Rxd1 Bxc5 9. Nbd2 c3 10. bxc3 O-O 11. Nb3 Bb6 12. Nfd4 Bd7 13. Nb5 Ne5 14. Nd6
Bc6 15. Bf4 Bxg2 16. Kxg2 Neg4 17. f3 Ne3+ 18. Bxe3 Bxe3 19. Nxb7 Rac8 20. Rd3
Nd5 21. Nd6 Rxc3 22. Rxc3 Nxc3 23. Nc4 Bg5 24. e4 Rb8 25. f4 Be7 26. e5 g5 27.
h3 gxf4 28. gxf4 Rb4 29. Nbd2 Ra4 30. Kf3 Rxa2 31. Rxa2 Nxa2 32. Nb3 Nc3 33. Kg4 0-1

[Event "40th World Junior Girls"]
[Site "Gandhinagar IND"]
[Date "2024.06.04"]
[Round "3.36"]
[White "Rzali, Sabina"]
[Black "Hasini, Kamabathula"]
[Result "1-0"]
[WhiteTitle "WCM"]
[WhiteElo "2073"]
[BlackElo "1758"]
[WhiteFideId "13410920"]
[BlackFideId "25712837"]
[EventDate "2024.06.02"]

1. e4 e5 2. Nf3 Nc6 3. Bb5 a6 4. Ba4 Nf6 5. O-O b5 6. Bb3 Bc5 7. c3 d6 8. a4 Rb8
9. d4 Bb6 10. Na3 Bg4 11. d5 Ne7 12. Qe2 Bc5 13. Bc2 Bxa3 14. bxa3 O-O 15. axb5
Rxb5 16. Bd3 Rc5 17. c4 Ng6 18. h3 Bxf3 19. Qxf3 h6 20. Bd2 Nf4 21. Bb4 Nd7 22.
Bxc5 Nxc5 23. Bc2 Qg5 24. Kh2 Ng6 25. Rfd1 Ne7 26. Qg3 Qxg3+ 27. Kxg3 Nc8 28. f3
Nb6 29. Bd3 Nba4 30. Bf1 f5 31. exf5 Rxf5 32. Kf2 Ne4+ 33. Ke3 Nec5 34. Rdb1 Nb6
35. g3 h5 36. h4 g5 37. hxg5 Rxg5 38. Kf2 Rf5 39. Ke3 Rg5 40. Be2 Nca4 41. Rh1
Nb2 42. Rac1 1-0

[Event "40th World Junior Girls"]
[Site "Gandhinagar IND"]
[Date "2024.06.04"]
[Round "3.37"]
[White "Cassi, Elisa"]
[Black "Varshita Jain"]
[Result "0-1"]
[WhiteTitle "WFM"]
[WhiteElo "2028"]
[BlackElo "1676"]
[WhiteFideId "2817220"]
[BlackFideId "25681907"]
[EventDate "2024.06.02"]

1. Nf3 d5 2. g3 Nf6 3. Bg2 c5 4. O-O Nc6 5. d4 b6 6. c4 e6 7. Nc3 Be7 8. Ne5 Bb7
9. Qa4 Rc8 10. cxd5 exd5 11. Bh3 cxd4 12. Bxc8 Qxc8 13. Nb5 O-O 14. Nxa7 Nxa7
15. Qxa7 Bd6 16. Nf3 d3 17. exd3 d4 18. Nxd4 Bc5 19. Be3 b5 20. Qa5 Qh3 21. f3
Ng4 22. Qd2 Nxe3 23. Qxe3 Qd7 0-1

[Event "40th World Junior Girls"]
[Site "Gandhinagar IND"]
[Date "2024.06.04"]
[Round "3.38"]
[White "Mishra Riya"]
[Black "Benito De Leo, Estefania"]
[Result "1/2-1/2"]
[WhiteElo "1654"]
[BlackElo "1900"]
[WhiteFideId "35024868"]
[BlackFideId "5135311"]
[EventDate "2024.06.02"]

1. e4 e5 2. Nf3 Nc6 3. Bc4 Nf6 4. d3 Bc5 5. Nc3 d6 6. h3 a6 7. a3 h6 8. Be3 Ba7
9. d4 exd4 10. Nxd4 Ne5 11. Ba2 O-O 12. Qd2 Re8 13. O-O-O Ng6 14. f3 Bxd4 15.
Qxd4 Be6 16. h4 Ne5 17. Bxe6 fxe6 18. Rh3 Qe7 19. g4 Nfd7 20. Ne2 Nc6 21. Qc3
Qf6 22. Qxf6 Nxf6 23. g5 hxg5 24. hxg5 Nd7 25. g6 Kf8 26. Bg5 Nf6 27. Bxf6 gxf6
28. Rh7 Ne5 29. Nf4 Nxf3 30. Rdh1 Ng5 31. Rxc7 Kg8 32. Rxb7 Rab8 33. Rd7 Rbd8
34. Ra7 Ra8 35. Rd7 Rad8 1/2-1/2

[Event "40th World Junior Girls"]
[Site "Gandhinagar IND"]
[Date "2024.06.04"]
[Round "3.39"]
[White "Anupam, M Sreekumar"]
[Black "Prakash Vaishnavi"]
[Result "1-0"]
[WhiteTitle "WCM"]
[WhiteElo "1872"]
[BlackElo "1632"]
[WhiteFideId "45033501"]
[BlackFideId "46660445"]
[EventDate "2024.06.02"]

1. e4 e5 2. Nf3 Nc6 3. Bc4 Bc5 4. c3 Nf6 5. d4 exd4 6. b4 Bb6 7. e5 d5 8. exf6
dxc4 9. Qe2+ Be6 10. b5 d3 11. Qe4 Nb4 12. O-O Nc2 13. fxg7 Rg8 14. Bg5 Qd5 15.
Qxh7 Kd7 16. Nbd2 Bf5 17. Qh5 Nxa1 18. Ne5+ Ke8 19. Re1 Nc2 20. Nxf7+ Kd7 21.
Re7+ Kc8 22. Qh8 Bxf2+ 23. Kh1 1-0

[Event "40th World Junior Girls"]
[Site "Gandhinagar IND"]
[Date "2024.06.04"]
[Round "3.40"]
[White "Asudani Ruhani Raj"]
[Black "Padmini S"]
[Result "0-1"]
[WhiteElo "1645"]
[BlackElo "1872"]
[WhiteFideId "25697463"]
[BlackFideId "25782738"]
[EventDate "2024.06.02"]

1. d4 Nf6 2. c4 g6 3. Nc3 Bg7 4. e4 d6 5. h3 O-O 6. Be3 e5 7. d5 Nh5 8. g3 Na6
9. Be2 Nf6 10. Nf3 Ne8 11. g4 f5 12. gxf5 gxf5 13. Bg5 Nf6 14. exf5 Bxf5 15. Nh4
Qd7 16. Qd2 Nc5 17. Bxf6 Rxf6 18. b4 Bh6 19. Qd1 Ne4 20. Nxe4 Bxe4 21. Bg4 Qe7
22. Rg1 Kh8 23. Qe2 Bg6 24. Nxg6+ Rxg6 25. Rd1 Bf4 26. Qf1 Rag8 27. Rh1 Qh4 28.
Ke2 e4 29. Bf5 Qh5+ 30. Bg4 Qe5 31. Rb1 e3 0-1

[Event "40th World Junior Girls"]
[Site "Gandhinagar IND"]
[Date "2024.06.04"]
[Round "3.41"]
[White "Kriti, Mayur Patel"]
[Black "Shivamshika G"]
[Result "1/2-1/2"]
[WhiteTitle "WCM"]
[WhiteElo "1691"]
[BlackElo "1846"]
[WhiteFideId "35061780"]
[BlackFideId "33384959"]
[EventDate "2024.06.02"]

1. e4 e6 2. d4 d5 3. Nc3 Bb4 4. exd5 exd5 5. Bd3 Nf6 6. Ne2 O-O 7. O-O Re8 8.
Ng3 c6 9. h3 Nbd7 10. Qf3 Bf8 11. Nf5 b5 12. Bg5 a5 13. Ne2 h6 14. Bf4 Ne4 15.
Bxe4 dxe4 16. Qg3 Kh7 17. Bd6 Qf6 18. Bxf8 Rxf8 19. Nd6 Ba6 20. Nxe4 Qe7 21. Qd3
f5 22. N4g3 b4 23. Qf3 f4 24. Nxf4 Bxf1 25. Rxf1 Qd6 26. Qd3+ Kg8 27. Ng6 Rfe8
28. Nf5 Qf6 29. Ngh4 Rf8 30. g4 Nb6 31. Ng6 Rfe8 32. Ne5 Nd5 33. Qc4 Rac8 1/2-1/2

[Event "40th World Junior Girls"]
[Site "Gandhinagar IND"]
[Date "2024.06.04"]
[Round "3.42"]
[White "Koksa, Jelena"]
[Black "Aditri Shome"]
[Result "1/2-1/2"]
[WhiteElo "1842"]
[BlackElo "1620"]
[WhiteFideId "14544776"]
[BlackFideId "25164198"]
[EventDate "2024.06.02"]

1. e4 c6 2. d4 d5 3. Nd2 dxe4 4. Nxe4 Bf5 5. Ng3 Bg6 6. Nf3 Nd7 7. c3 Qc7 8. Bc4
e6 9. Qe2 O-O-O 10. b4 Bd6 11. a4 Ngf6 12. O-O h5 13. Bg5 Rde8 14. b5 c5 15. a5
Qb8 16. Rfd1 e5 17. Qd2 e4 18. Nh4 Qc7 19. dxc5 Bxc5 20. Bf4 Ne5 21. Bb3 Qe7 22.
a6 b6 23. Bd5 Rd8 24. Bb7+ Kb8 25. Qb2 Bd6 26. Nhf5 Bxf5 27. Nxf5 Qe6 28. Nxd6
Rxd6 29. Qe2 Rhd8 30. Rxd6 Rxd6 31. Rd1 Kc7 32. Bxe5 Qxe5 33. Qc4+ Kd8 34. Qc8+
Ke7 35. Qc7+ Nd7 36. Qxd6+ Qxd6 37. Rxd6 Kxd6 38. Bxe4 Kc5 39. Bc6 Nf6 40. f3
Kc4 41. Kf2 Kxc3 1/2-1/2